Pakistan : (Record no. 549703)
[ view plain ]
| 000 -LEADER | |
|---|---|
| fixed length control field | 00661cam a2200181 a 4500 |
| 020 ## - INTERNATIONAL STANDARD BOOK NUMBER | |
| International Standard Book Number | 0813381002 (alk. paper) |
| 020 ## - INTERNATIONAL STANDARD BOOK NUMBER | |
| International Standard Book Number | 0813381010 (pbk. : alk. paper) |
| 082 00 - DEWEY DECIMAL CLASSIFICATION NUMBER | |
| Classification number | 954.91 |
| Author Mark | BUR |
| -- | L-NUST, P-23 |
| 100 1# - MAIN ENTRY--PERSONAL NAME | |
| Personal name | Burki, Shahid Javed. |
| 9 (RLIN) | 2782 |
| 245 10 - TITLE STATEMENT | |
| Title | Pakistan : |
| Remainder of title | the continuing search for nationhood / |
| Statement of responsibility, etc. | Shahid Javed Burki. |
| 250 ## - EDITION STATEMENT | |
| Edition statement | 2nd ed., rev. and updated. |
| 260 ## - PUBLICATION, DISTRIBUTION, ETC. | |
| Place of publication, distribution, etc. | Boulder : |
| Name of publisher, distributor, etc. | Westview Press ; |
| Place of publication, distribution, etc. | Lahore : |
| Name of publisher, distributor, etc. | Pak Book Corp., |
| Date of publication, distribution, etc. | 1991. |
| 300 ## - PHYSICAL DESCRIPTION | |
| Extent | xi, 243 p. : |
| Other physical details | ill. ; |
| Dimensions | 24 cm. |
| 526 ## - STUDY PROGRAM INFORMATION NOTE | |
| Program name | 0 |
| Interest level | 0 |
| Reading level | 0 |
| Title point value | 954_910000000000000_BUR |
| 650 ## - SUBJECT ADDED ENTRY--TOPICAL TERM | |
| Topical term or geographic name entry element | NUST |
| 9 (RLIN) | 6342 |
| 856 42 - ELECTRONIC LOCATION AND ACCESS | |
| Uniform Resource Identifier | <a href="http://www.loc.gov/catdir/enhancements/fy0832/91003738-b.html">http://www.loc.gov/catdir/enhancements/fy0832/91003738-b.html</a> |
| 942 ## - ADDED ENTRY ELEMENTS (KOHA) | |
| Source of classification or shelving scheme | |
| Koha item type | Book |
| Withdrawn status | Lost status | Source of classification or shelving scheme | Damaged status | Not for loan | Permanent Location | Current Location | Date acquired | Total Checkouts | Full call number | Barcode | Date last seen | Price effective from | Koha item type |
|---|---|---|---|---|---|---|---|---|---|---|---|---|---|
| Military College of Engineering (MCE) | Military College of Engineering (MCE) | 10/09/2014 | 954.91 BUR | MCE-44219 | 10/09/2014 | 10/09/2014 | Book |
